000 00935nam a22002297a 4500
999 _c27180
_d27180
003 BDDh-ASL
005 20231015030732.0
008 200917b1988 b ||||| b||| 001 0 b d
020 _a9840601849
040 _aBDDh-ASL
_cBDDh-ASL
_dBDDh-ASL
041 _abengali
082 _a297.5492
_bISJ
100 1 _95441
_aইসলাম, মুফাখ্খারুল
245 1 _aজামালপুর জেলায় ইসলাম প্রচার /
246 _aJamalpur Jelay Islam Prochar
260 _aঢাকা:
_bইসলামিক ফাউণ্ডেশন বাংলাদেশ,
_c১৯৮৮।
300 _a৮৩ পৃষ্ঠা:
_c২২ সে. মি.।
504 _aগ্রন্থপঞ্জি সংযুক্ত।
650 0 _9860
_aইসলাম প্রচার
_xইসলাম ধর্ম
651 0 _95442
_aজামালপুর
942 _2ddc
_cBK